Logo biblioteca
Santa Fe 2917, Rosario, Santa Fe
Lu-Vi 8 a 19.45
+54-341-4232362
bibliotecaeudoro@gmail.com
Facebook Biblioteca Pedagógica
Sitio web

Cosas de chicos 3 : (Registro nro. 32687)

Detalles MARC
000 -CABECERA
campo fijo de control de longitud 01022nam a22002897a 4500
001 - NÚMERO DE CONTROL
campo de control 32687
003 - IDENTIFICADOR DEL NÚMERO DE CONTROL
campo de control AR-RoBPED
005 - FECHA Y HORADE LA ULTIMA TRANSACCION
campo de control 20260505102630.0
007 -
campo fijo de control de longitud ta
008 - ELEMENTOS DE LONGITUD FIJA--INFORMACION GENERAL
campo fijo de control de longitud 260504s1985 ag a|||br 001 1|spa d
020 ## - ISBN
ISBN 9501300684
040 ## - FUENTE CATALOGADORA
Centro catalogador/agencia de origen AR-RoBPED
041 ## - IDIOMA
Código de idioma para texto/pista de sonido o título independiente spa
100 1# - ENCABEZAMIENTO PRINCIPAL--AUTOR PERSONAL
Nombre de persona Cabal, Graciela Beatríz
Fechas nac-muerte 1939-2004
9 (RLIN) 17322
245 10 - TITULO
Título Cosas de chicos 3 :
Subtítulo libro de lecturas para la tercera etapa del primer ciclo : (tercer grado) /
Mención de responsabilidad Graciela B. Cabal, Graciela Montes ; ilustraciones Sergio Kern, Elena Torres.
260 ## - PUBLICACION
Lugar Buenos Aires :
Editor Kapelusz,
Fecha 1985.
300 ## - DESCRIPCION FISICA
Extensión 144 p. :
Otros detalles físicos il. ;
Dimensiones 26 cm.
500 ## - NOTA GENERAL
Nota general El texto incluye viñetas con uso de letra cursiva.
650 #4 - TERMINO DE MATERIA--CONTROLADO
Término controlado LIBROS DE LECTURA
9 (RLIN) 15325
Término controlado TERCER GRADO
9 (RLIN) 1463
Término controlado ARCHIVO INFANTIL
9 (RLIN) 24464
700 1# - ENCABEZAMIENTO SECUNDARIO--AUTOR PERSONAL
Nombre de persona Montes, Graciela
Fecha de nac-muerte 1947-
9 (RLIN) 6070
Nombre de persona Kern, Sergio
9 (RLIN) 26019
Función il.
Nombre de persona Torres, Elena
9 (RLIN) 26001
Función il.
942 ## - ELEMENTOS KOHA
Koha tipo de ítem Libro
Fuente de clasificación Universal Decimal Classification
Número Koha K. 32687
Clasificación 372.4
Pre signatura IA
Signatura librística C 13 c
N° inventario Inv. 42425
945 ## - PROCESAMIENTO DE LA INFORMACIÓN LOCAL
Catalogador y fecha cd 04/05/2026 -
Existencias
Estado retirado Estado perdido Fuente de clasificación Estado dañado No se presta Biblioteca propietaria Biblioteca de reserva Fecha de adquisición Procedencia Total de préstamos Signatura topográfica completa Código de barras (nº de inventario) Fecha visto por última vez Catalogador y fecha Tipo de ítem Koha Nota pública
    Universal Decimal Classification   No se presta Biblioteca Pedagógica Eudoro Díaz Biblioteca Pedagógica Eudoro Díaz 04/05/2026 Donación   IA 372.4 C 13 c 42425 04/05/2026 cd 04/05/2026 Libro No se presta a domicilio.